000 01034na a2200301 4500
001 21872
003 MIRAKIL
005 20181213155235.0
008 170208b tu 000 0
035 _a21872
040 _aMilas
_btur
_cTR-AnCHP
041 _atur
082 _a353.04
_bH94 1999
090 _a353.04 H94 1999
245 _aHükümet programı
_bBaşbakan Bülent Ecevit tarafından TBMM'ne sunulan 57. hükümet programı
_b4 Haziran 1999
_cBülent Ecevit
246 _a57. hükümet programı
260 _aAnkara
_bBaşbakanlık Basımevi
_c1999
300 _a40 s.
_c22 sm.
610 _aDSP-MHP-ANAP Koalisyonu
_xHükümet programı
610 _aDemokratik Sol Parti (DSP)
_xHükümet programı
650 _aKoalisyon hükümeti
_yProgramlar
650 _aSiyaset ve yönetim
_xHükümet programları, 1999
_zTürkiye
650 _aHükümet, 57.
_yProgramlar, 1999
657 _a57. hükümet programı
700 _aEcevit, Bülent
_d1925-2006
740 _a57. Hükümet programı
942 _2dcc
_cBKS
999 _c9124
_d9124